| 000 | 00469nam a22001697a 4500 | ||
|---|---|---|---|
| 005 | 20251108172356.0 | ||
| 008 | 250721s1987 xx 000 0 ara d | ||
| 082 | 1 | 4 | _a355.3434/أحم |
| 100 | 1 | _aنوفل، أحمد | |
| 245 | 1 | 0 | _aالحرب النفسية من منظور إسلامي / |
| 250 | _aط2 | ||
| 264 | 1 |
_aعمان : _bدار الفرقان، _c1987. |
|
| 300 | _a224ص | ||
| 650 | 1 | 7 | _aالحرب النفسية |
| 942 |
_2ddc _cBK |
||
| 999 |
_c77648 _d77648 |
||